| 000 | 00660nam a2200241Ia 4500 | ||
|---|---|---|---|
| 005 | 20250425162831.0 | ||
| 008 | 250425s9999 xx 000 0 und d | ||
| 020 | _a978844581782 | ||
| 041 | _aspa | ||
| 044 | _asp | ||
| 100 | _aCOBO, ERIK | ||
| 245 | 0 | _aBIOESTADISTICA PARA NO ESTADISTICOS: BASES PARA INTERPRETAR ARTICULOS CIENTIFICOS | |
| 250 | _aS.E. | ||
| 264 |
_aEspaña, BARCELONA _bELSEVIER _c2007. |
||
| 300 | _a353 | ||
| 650 | _aCALCULO DEL TAMAÑO MUESTRAL | ||
| 650 | _aESTADISTICA DESCRIPTIVA | ||
| 650 | _aPRINCIPIO DE INFERENCIA | ||
| 700 | _aGONZALEZ, JOSE ANTONIO | ||
| 700 | _aMUNOZ, PILAR | ||
| 942 | _c01 | ||
| 010 | _a111206 | ||
| 999 |
_c237389 _d237389 |
||